000 01370nam a2200361 i 4500
001 768714001
003 CO-MdFUSB
005 20220402105601.0
007 ta
008 200724t1990 ag |||| |||| 00| 0 spa d
020 _a[No incluye ISBN]
040 _aCO-MdFUSB
_bspa
_cCO-MdFUSB
_dCO-MdFUSBC
_erda
041 _aspa
090 _aAV 0231
100 _aSotelo, Enrique
_d1898-1951
_eautor
245 1 _aContrastes
_b: maneras de ver a los extranjeros. Normas de cortesía. Las tradiciones frente al progreso
_c/ Enrique Sotelo , Abraham Legazpi , Sara de Legazpi
264 1 _aSanta Fe, Argentina :
_bProyecto Magreb,
_c[1990]
264 4 _c©1990
300 _c;
336 _2rdacontent
_atexto
_btxt
337 _2rdamedia
_asin mediación
_bn
338 _2rdacarrier
_avolumen
_bnc
490 1 _aColección Musulmania
505 _aPrólogo -- Los extranjeros en Madón -- La cortesía madonita -- Las tradiciones frente al progreso
520 _aEn esta obra nos comparten sus agudas observaciones e impresiones vividas al cabo de tan solo unos poco meses de estar en su nueva patria. Surgen comparaciones y contrastes entre lo latino y lo árabe.
563 _aRústico
650 7 _93
_aCultura
700 _94709
_aLegazpi, Abraham
_eautor
700 _94710
_a de Legazpi, Sara
_eautor
830 _nN° 3
942 _cBK
945 _aDani
999 _c66555
_d66555